000 00723cam a2200253 a 4500
001 000008087
005 20200929154428.0
008 920904s1993 sp 000 f spa d
020 _a8432205451
040 _aDO-SdBNP
_cNIIC
_dDLC
082 _a863.64
_bM539c, 1993
100 1 _aMendoza, Eduardo,
_d1943-
_921986
245 1 3 _aLa ciudad de los prodigios /
_cEduardo Mendoza.
250 _a27a ed.
260 _aBarcelona :
_bSeix Barral,
_c1993.
300 _a394 p. ;
_c21 cm.
490 1 _aBiblioteca breve
650 4 _aNovela española
_91123
650 4 _aLiteratura española
_ySIGLO XX
_93326
830 0 _aBiblioteca breve
_913442
910 _aCatalogación por copia / LC
910 _aWM
049 _aBNGR
999 _c7864
_d7864